000 01005nam a2200409Ia 4500
001 19341
005 20240113235926.0
007 ta
008 060207s1979 a g b000 u 465 u
040 _aCotton College,Assam
041 _a465
082 _a820
_bG 235 En
100 _a, .
110 _aGauhati University .
_c(Guwahati )
245 0 _aEnglish Prose Selection /
_cGauhati University.
_hTextual Documents
250 _aReprint /
260 _aMadras :
_bMacmillan and Co ,
_c1979.
300 _a304p. :
_bill ;
_c17cm .
653 _aEnglish Literature
653 _aLiterature-English
653 _aG-English
653 _aT-G(English Litrature)
653 _aT/G-English
653 _aT/Ms-English
653 _aT/G-English
942 _2ddc
_cBK
999 _c19323
_d19323